000
00326pab a2200145 454500
008
180718b1989 xxu||||| |||| 00| 0 eng d
100
_a
Sharma, R.N.
245
_a
Erosion of Parliamentary democracy
260
_c
1989
300
_a
15,35
362
_a
9 Sept.
650
_a
Democracy
773
_a
Mainstream
909
_a
7192
999
_c
7192
_d
7192